A guide to heritage protection in England (Record no. 120992)

MARC details
000 -LEADER
fixed length control field 00835cai a22001575a 4500
001 - CONTROL NUMBER
control field L157443
008 - FIXED-LENGTH DATA ELEMENTS--GENERAL INFORMATION
fixed length control field 121130u2012 xxk g 000 0 eng d
035 ## - SYSTEM CONTROL NUMBER
System control number (Sirsi) u157443
041 0# - LANGUAGE CODE
Language code of text/sound track or separate title eng
110 2# - MAIN ENTRY--CORPORATE NAME
Corporate name or jurisdiction name as entry element English Heritage
9 (RLIN) 2714
245 02 - TITLE STATEMENT
Title A guide to heritage protection in England
520 ## - SUMMARY, ETC.
Summary, etc. Website provides a comprehensive guide to heritage protection in England. Gives a guide to the law, policy and guidance that protects the heritage in listed buildings, conservation areas, scheduled monuments, registered parks, World Heritage Sites, non-designated archaeological sites, local listed buildings and other heritage assets.
690 ## - LOCAL SUBJECT ADDED ENTRY--TOPICAL TERM (OCLC, RLIN)
Topical term or geographic name as entry element Conservation and restoration
856 40 - ELECTRONIC LOCATION AND ACCESS
Uniform Resource Identifier <a href="https://www.english-heritage.org.uk/professional/advice/hpg/">https://www.english-heritage.org.uk/professional/advice/hpg/</a>
Public note View the website free of charge at www.english-heritage.org.uk
942 ## - ADDED ENTRY ELEMENTS (KOHA)
Suppress in OPAC 0
Holdings
Withdrawn status Lost status Source of classification or shelving scheme Damaged status Not for loan Home library Current library Shelving location Date acquired Total Checkouts Full call number Barcode Date last seen Copy number Price effective from Koha item type
    Dewey Decimal Classification     Virtual Virtual Online 30/11/2012   ONLINE PUBLICATION 157443-2001 06/08/2019 1 06/08/2019 Online material